Minor Civil Divisions (Townships, Precincts) of Nebraska With a Map - Statistics

General Stats
  • This quiz has been taken 197 times
  • The average score is 185 of 1193
Answers on the Map
Answers color-coded by a green-red scale on the quiz's map according to % correct below.
 
Answer Stats
County MCD % Correct
Seward A
96%
Seward H
94%
Seward E
93%
Seward G
93%
Seward L
93%
Seward M
93%
Seward O
93%
Seward B
92%
Seward C
90%
Seward D
90%
Seward I
90%
Seward J
90%
Seward N
90%
Seward K
87%
Seward F
86%
Seward P
86%
Douglas | Thurston Omaha
78%
Antelope | Colfax | Cuming | +10 others Lincoln
75%
Buffalo | Cedar | Dawes | +5 others 1
58%
Buffalo | Cedar | Dawes | +3 others 4
56%
Buffalo | Cedar | Dawes | +4 others 5
56%
Buffalo | Cedar | Dawes | +3 others 6
56%
Buffalo | Cedar | Dawes | Phelps 9
56%
Buffalo | Cedar | Dawes | +5 others 2
55%
Buffalo | Cedar | Dawes | +4 others 3
55%
Buffalo | Cedar | Dawes | +3 others 7
55%
Buffalo | Cedar | Dawes | +2 others 8
55%
Franklin | Hall | Harlan | +3 others Washington
53%
Buffalo | Cedar | Dawes | Phelps 11
52%
Buffalo | Cedar | Phelps 12
52%
Buffalo | Cedar | Dawes | Phelps 10
51%
Buffalo | Cedar | Phelps 13
51%
Buffalo | Cedar 14
51%
Buffalo | Cedar 15
51%
Buffalo | Cedar 16
51%
Buffalo | Cedar 17
51%
Buffalo | Cedar 19
51%
Buffalo | Cedar 21
51%
Buffalo 22
51%
Buffalo 23
51%
Buffalo 24
51%
Buffalo 25
51%
Buffalo 26
51%
Buffalo 27
51%
Buffalo | Cedar 18
50%
Buffalo | Cedar 20
50%
Buffalo 28
50%
Buffalo 29
50%
Colfax | Gage Adams
50%
Douglas | Jefferson | Knox | Richardson Jefferson
49%
Madison Meadow Grove-Jefferson
49%
Holt Scott
44%
Scotts Bluff Scottsbluff
43%
Fillmore | Madison Madison
42%
Hall Grand Island
41%
Butler | Dawson | Dodge Platte
41%
Butler | Fillmore | Franklin | Richardson Franklin
39%
Platte | Saline Monroe
39%
York York
39%
Sarpy Bellevue
38%
Antelope | Colfax | Cuming | +10 others Grant
38%
Hall Jackson
38%
Holt Belle
37%
Dakota Dakota
37%
Lincoln North Platte
37%
Platte Columbus
34%
Arthur Arthur
32%
York Brown
31%
Douglas | Nemaha | Saunders Douglas
31%
Fillmore Hamilton
31%
Dixon | Gage Hooker
31%
Butler Read
31%
Saunders Green
30%
Frontier | Gosper | Hall | +4 others Harrison
29%
Pierce Pierce
29%
Antelope | Custer | Keya Paha Custer
28%
Custer | Kearney Hayes
28%
Lancaster Lancaster
28%
Seward Seward
28%
Clay | Frontier | Holt Sheridan
28%
Antelope | Cuming | Frontier | +4 others Sherman
28%
Antelope | Boone | Nance Cedar
27%
Howard Fairdale-Logan
27%
Antelope | Cuming | Custer | +3 others Garfield
27%
Greeley Greeley
27%
Adams | Antelope | Burt | +13 others Logan
27%
Hayes | Knox | Madison Valley
27%
Custer Wayne
27%
Franklin | Harlan | Hayes | +3 others Antelope
26%
Adams | Antelope | Cuming | +3 others Blaine
26%
Gage | Johnson | Lancaster | +2 others Nemaha
26%
Boone Boone
25%
Platte Butler
25%
Kimball Dix
25%
Cherry | Custer | Merrick | Platte Loup
25%
Otoe Nebraska City
25%
Otoe Otoe
25%
Sarpy Papillion
25%
Loup Taylor
25%
Thomas Thomas
25%
Pawnee 1, Pawnee No. 1
24%
Pawnee 2, Pawnee No. 2
24%
Dodge Fremont
24%
Gage Holt
24%
Kimball Kimball No. 1
24%
Kimball Kimball No. 2
24%
Madison Norfolk
24%
Butler Richardson
24%
Boyd Butte
23%
Lincoln | McPherson Hall
23%
Adams Hastings
23%
Sarpy Platford-Springfield I
23%
Sarpy Platford-Springfield II
23%
Sarpy Springfield
23%
Butler | Dodge | Douglas | +5 others Union
23%
Cherry Valentine
23%
Dodge | Hitchcock Webster
23%
Adams Zero
23%
Knox | Merrick Central
22%
Merrick Central City
22%
Thurston Dawes
22%
Red Willow Alliance
21%
Holt Iowa
21%
Clay Lewis
21%
Lancaster Mill
21%
Keith Ogallala
21%
Gage Beatrice
20%
Butler | Cass | Hall | +2 others Center
20%
Dixon Clark
20%
Knox Columbia
20%
Cuming | Dodge Cuming
20%
Hall | Holt Lake
20%
Dawson Lexington
20%
Antelope | Colfax | Fillmore | Stanton Stanton
20%
Thurston | York Thayer
20%
Cherry | Cuming | Holt | +3 others Cleveland
19%
Colfax Colfax
19%
Sarpy La Vista
19%
Red Willow McCook
19%
Holt | Otoe Wyoming
19%
Saunders | Thayer Chester
18%
Garfield Roosevelt
18%
Dakota South Sioux City
18%
Red Willow Red Willow
17%
Washington Blair
16%
Scotts Bluff Gering
16%
Dawson Gothenburg
16%
Knox Hill
16%
Colfax Wilson
16%
Custer Broken Bow
15%
Lancaster | Nuckolls | Saunders Elk
15%
Wayne Hancock
15%
Cheyenne Sidney
15%
Cheyenne Sidney 2
15%
Cheyenne Sidney 3
15%
Cheyenne Sidney 4
15%
Cheyenne Sidney 5
15%
Cass | Fillmore | Gage | +3 others Liberty
14%
Hall Martin
14%
Boyd | Hooker Mullen
14%
Lancaster Oak
14%
Dixon | Hayes Concord
13%
Antelope Crawford
13%
Scotts Bluff Ford
13%
Cass Greenwood
13%
York Hays
13%
Franklin Marion
13%
Merrick Mead
13%
Knox Miller
13%
Jefferson Newton
13%
Howard St. Paul
13%
Saunders Wahoo
13%
Brown Ainsworth
12%
Frontier | Pierce Allen
12%
Dawson Cozad
12%
Otoe Delaware
12%
Lancaster Denton
12%
Cuming | Dodge | Douglas | Stanton Elkhorn
12%
Clay Marshall
12%
Douglas Millard
12%
Scotts Bluff Mitchell
12%
Cass Mount Pleasant
12%
Furnas Oxford
12%
Thayer Alexandria
11%
Nemaha Auburn
11%
Boone | Nance | Nuckolls | +2 others Beaver
11%
Chase Champion-Lamar
11%
Cherry Cody
11%
Butler David City
11%
Antelope | Gage Elm
11%
Clay | Harlan | Hayes Fairfield
11%
Brown Johnstown
11%
Cherry King
11%
Nemaha Lafayette
11%
Cass Louisville
11%
Holt O'Neill
11%
Cass Plattsmouth
11%
Jefferson Plymouth
11%
Colfax | Jefferson | Saunders Richland
11%
Sarpy Richland I
11%
Sarpy Richland II
11%
Sarpy Richland III
11%
Sarpy Richland IV
11%
Sarpy Richland V
11%
Sarpy Richland VI
11%
Sarpy Richland VII
11%
Sarpy Richland VIII
11%
Hall South Platte
11%
Hitchcock Trenton
11%
Dundy Benkelman No. 1
10%
Dundy Benkelman No. 2
10%
Dundy Benkelman No. 3
10%
Nemaha Benton
10%
Boyd Bush
10%
Holt Chambers
10%
Saline Crete
10%
Saline De Witt
10%
Knox | Pierce Eastern
10%
Antelope | Hitchcock Eden
10%
Jefferson Fairbury
10%
Fillmore Geneva
10%
Adams | Gage Hanover
10%
Cedar Hartington
10%
Thayer Hebron
10%
York Henderson
10%
Adams | Gage | Garfield | +5 others Highland
10%
Sarpy Highland I
10%
Sarpy Highland II
10%
Richardson Humboldt
10%
Grant Hyannis
10%
Cherry Kennedy
10%
Loup Kent
10%
Franklin Macon
10%
Boyd | Knox | York Morton
10%
Dixon Newcastle
10%
Antelope | Valley Ord
10%
Red Willow | Thurston Perry
10%
Jefferson Pleasant
10%
Cedar | Pierce Randolph
10%
Burt | Gage | Hitchcock Riverside
10%
Colfax Schuyler
10%
Boyd Spencer
10%
Lancaster Waverly
10%
Johnson | Knox Western
10%
Thurston Winnebago
10%
Thurston Anderson
9%
Otoe Berlin
9%
Furnas Cambridge
9%
Lancaster Centerville
9%
Dakota Dakota City
9%
Burt Decatur
9%
Fillmore Exeter-Fairmont Consolidated
9%
Richardson Falls City
9%
Nance Fullerton
9%
Wayne Hunter
9%
Cherry Kilgore
9%
Sarpy LaPlatte I
9%
Sarpy LaPlatte II
9%
Keya Paha | Pierce Mills
9%
Rock Newport
9%
Richardson Ohio
9%
Garden Oshkosh No. 1
9%
Thurston Pender
9%
Cheyenne Potter
9%
Knox Raymond
9%
Franklin | Richardson Salem
9%
Burt Tekamah
9%
Lincoln Wallace
9%
Antelope Willow
9%
Harlan Albany
8%
Harlan Alma
8%
Saunders Ashland
8%
Gage Blue Springs-Wymore
8%
Blaine Brewster
8%
Morrill Broadwater
8%
Hall Cameron
8%
Adams | McPherson | Nance Cottonwood
8%
Adams Denver
8%
Cass Elmwood
8%
Douglas Florence
8%
Hitchcock Freedom
8%
Gage Glenwood
8%
Sheridan Gordon
8%
Dodge Hooper
8%
Red Willow Lebanon
8%
Boyd Lynch
8%
Clay Lynn
8%
Kearney May
8%
Colfax | Gage | Merrick Midland
8%
Antelope | Cuming Neligh
8%
Knox Niobrara
8%
Boone | Burt Oakland
8%
Knox Peoria
8%
Nemaha Peru
8%
Dixon Ponca
8%
Sheridan Rushville
8%
Lincoln Sutherland
8%
Otoe Syracuse
8%
Johnson Tecumseh
8%
Pierce Thompson
8%
Antelope | Madison Tilden
8%
Cass Tipton
8%
Platte Walker
8%
Douglas Waterloo
8%
Chase Wauneta
8%
Cass Weeping Water
8%
Cherry Wood Lake
8%
Custer | Dawson | Hall Wood River
8%
Custer Arnold
7%
Cass Avoca
7%
Adams Ayr
7%
York Baker
7%
Garfield Burwell
7%
Clay Clay Center
7%
Antelope | Frontier Clearwater
7%
Cherry Crookston
7%
Boone Dublin-Bonanza
7%
Antelope Ellsworth
7%
Knox Frankfort
7%
Saline Friend
7%
Nuckolls Hardy
7%
Adams Juniata
7%
Rock Long Pine
7%
Cherry Merriman
7%
Nuckolls Nelson
7%
Cherry Nenzel
7%
Kearney Newark
7%
Saunders Newman
7%
Valley Noble
7%
Antelope Oakdale
7%
Lancaster Panama
7%
Butler Reading
7%
Jefferson | Lancaster | Otoe | Saunders Rock Creek
7%
Cherry | Frontier Russell
7%
Lancaster Saltillo
7%
Custer Sargent
7%
Cass South Bend
7%
Knox Sparta
7%
Johnson Sterling
7%
Lancaster Stockton
7%
Frontier Stockville
7%
Burt | Butler Summit
7%
Deuel | Holt Swan
7%
Butler Ulysses
7%
Cherry Wells
7%
Cuming West Point
7%
Saline Wilber
7%
Lancaster Yankee Hill
7%
Custer Ansley
6%
Furnas Arapahoe
6%
Wheeler Bartlett
6%
Rock Bassett
6%
Nemaha Bedford
6%
Deuel Big Springs
6%
Lincoln Brady
6%
Boyd Bristow
6%
Nemaha Brownville
6%
Garfield | Thurston Bryan
6%
Lancaster Buda
6%
Kimball Bushnell
6%
Deuel Chappell
6%
Douglas Chicago
6%
Gage Clatonia
6%
Burt Craig
6%
Hall Doniphan
6%
Saline Dorchester
6%
Antelope Elgin
6%
Burt | Dodge Everett
6%
Holt Ewing
6%
Dawson | Frontier | Holt | +2 others Fairview
6%
Pierce Foster
6%
Holt Francis
6%
Nance Genoa
6%
Holt Golden
6%
Sheridan Hay Springs
6%
Johnson Helena
6%
Lincoln Hershey
6%
Platte Humphrey
6%
Red Willow Indianola
6%
Adams Kenesaw
6%
Hall Mayfield
6%
Lancaster Middle Creek
6%
Cass Nehawka
6%
York New York
6%
Dodge North Bend
6%
Lancaster North Bluff
6%
Butler | Saline Olive
6%
Otoe Osage
6%
Burt Pershing
6%
Harlan Republican City
6%
Gage | Garfield Rockford
6%
Sherman Rockville
6%
Adams Roseland
6%
Antelope Royal
6%
Richardson Rulo
6%
Lancaster South Pass
6%
Lancaster Stevens Creek
6%
Adams Verona
6%
Pawnee 5, Burchard
5%
Knox Addison
5%
Hall Alda
5%
Butler Alexis
5%
Burt Arizona
5%
Holt Atkinson
5%
Madison Battle Creek
5%
Antelope Bazile
5%
Furnas Beaver City
5%
Sarpy Bellevue Second I
5%
Sarpy Bellevue Second II
5%
Sarpy Bellevue Second III
5%
Sarpy Bellevue Second IV
5%
Fillmore Bennett
5%
Cuming | Platte Bismark
5%
Knox Bloomfield
5%
Antelope Burnett
5%
Merrick | Saunders Chapman
5%
Knox Creighton
5%
Frontier Curtis
5%
Thayer Davenport
5%
Blaine Dunning
5%
Clay Edgar
5%
Custer | Gosper Elk Creek
5%
Holt Emmet
5%
Antelope Frenchtown
5%
Clay Glenvil
5%
Fillmore Grafton
5%
Madison Grove
5%
Dundy Haigler
5%
Clay Harvard
5%
Hayes Hayes Center
5%
Furnas Hendley
5%
Dakota Hubbard
5%
Scotts Bluff Kiowa
5%
Clay Leicester
5%
Butler Linwood
5%
Adams Little Blue
5%
Lancaster Little Salt
5%
Kearney Lowell
5%
Dodge Maple
5%
Lincoln Maxwell
5%
Boyd McCulley
5%
Madison | Platte Newman Grove
5%
Valley North Loup
5%
Kearney Oneida
5%
Harlan Orleans
5%
Dawson Overton
5%
Pierce Plainview
5%
Colfax Rogers
5%
Greeley Scotia
5%
Dodge Scribner
5%
Burt | Merrick Silver Creek
5%
Dixon Silvercreek
5%
Adams Silver Lake
5%
Hall South Loup
5%
Greeley Spalding
5%
Valley Springdale
5%
Cuming St. Charles
5%
Dakota St. Johns
5%
Nuckolls Superior
5%
Clay Sutton
5%
Knox Verdigre
5%
Antelope | Holt Verdigris
5%
Nuckolls Victor
5%
Adams | Fillmore | York West Blue
5%
Lancaster West Oak
5%
Pawnee 3, Table Rock
4%
Pawnee 4, Steinauer
4%
Cedar 9A
4%
Valley Arcadia
4%
Grant Ashby
4%
Sherman Ashton
4%
Cuming Bancroft
4%
Gage Barneston
4%
Boyd Basin
4%
Cuming Beemer
4%
Burt Bell Creek
4%
Custer Berwyn
4%
Gage Blakely
4%
Knox | Saunders Bohemia
4%
York Bradshaw
4%
Thayer Bruning
4%
Fillmore Bryant
4%
Fillmore Chelsea
4%
Saunders Clear Creek
4%
Custer Cliff
4%
Holt | Red Willow Coleman
4%
Custer Comstock
4%
Hitchcock Culbertson
4%
Hayes Deerfield
4%
Knox Dolphin
4%
Custer Douglas Grove
4%
Holt Dustin
4%
Custer East Custer
4%
Furnas Edison
4%
Howard Elba
4%
Clay | Harlan Eldorado
4%
Valley Elyria
4%
Dakota | Dixon | Harlan Emerson
4%
Wheeler Ericson
4%
Jefferson | Valley Eureka
4%
Dawson Farnam
4%
Gage Filley
4%
Sarpy Forest City No. 1
4%
Sarpy Forest City No. 2
4%
Dawson German
4%
Sarpy Gilmore II
4%
Platte Grand Prairie
4%
Holt Green Valley
4%
Cheyenne Gurley
4%
Hayes Hamlet
4%
Holt Holt Creek
4%
Clay Inland
4%
Holt Inman
4%
Gage Island Grove
4%
Holt Josie
4%
Custer Lillian
4%
Cheyenne Lodgepole
4%
Clay | Merrick Lone Tree
4%
Garden | Platte Lost Creek
4%
Saunders Marietta
4%
Holt McClure
4%
Sarpy Melia-Forest City
4%
Jefferson Meridian
4%
Valley Michigan
4%
Custer Milburn
4%
Kearney | Sheridan Mirage
4%
Dodge Nickerson
4%
Boone North Branch-Shell Creek
4%
Knox North Frankfort
4%
Butler | Saunders Oak Creek
4%
Lancaster Olive Branch
4%
Gage | Holt Paddock
4%
Hitchcock Palisade
4%
Sarpy Papillion Second I
4%
Sarpy Papillion Second II
4%
Stanton Pilger
4%
Hitchcock | Holt Pleasant View
4%
Butler | Frontier | Wayne Plum Creek
4%
Hall | Merrick | Nance Prairie Creek
4%
Harlan Prairie Dog
4%
Holt Rock Falls
4%
Holt Saratoga
4%
Butler Savannah
4%
Harlan Scandinavia
4%
Clay School Creek
4%
Holt Shamrock
4%
Colfax | Madison | Platte Shell Creek
4%
Holt Shields
4%
Custer | Howard | Johnson | Nuckolls Spring Creek
4%
Clay Spring Ranch
4%
Hitchcock Stratton
4%
McPherson Tryon
4%
Custer Victoria
4%
Adams Wanda
4%
Custer West Union
4%
Wayne Wilbur
4%
Greeley Wolbach
4%
Custer Algernon
3%
Franklin Ash Grove
3%
Saline Atlanta
3%
Richardson Barada
3%
Fillmore Belle Prairie
3%
Otoe Belmont
3%
Butler Bone Creek
3%
Keith Brule
3%
Scotts Bluff Castle Rock
3%
Merrick Clarksville
3%
Holt Conley
3%
Custer Corner
3%
Howard Cotesfield
3%
Platte Creston
3%
Knox Crofton
3%
Dixon Daily
3%
Red Willow Danbury
3%
Howard Dannebrog
3%
Valley Davis Creek
3%
Custer Delight
3%
Holt Deloit
3%
Thayer Deshler
3%
Stanton Dewey
3%
Scotts Bluff Dewey Tabor
3%
Knox Dowling
3%
Franklin East Bloomington
3%
Nance East Newman
3%
Cass East Rock Bluff
3%
Scotts Bluff East Winters Creek
3%
Kearney Eaton
3%
Cass Eight Mile Grove
3%
Box Butte Eleven
3%
Custer Elim
3%
Valley Enterprise
3%
Box Butte Fifteen
3%
Dixon Galena
3%
Jefferson Gibson
3%
Platte Granville
3%
Holt Grattan
3%
Knox Herrick
3%
Furnas Holbrook
3%
Hayes Hopewell
3%
Wayne Hoskins
3%
Valley Independent
3%
Platte Joliet
3%
Custer Kilfoil
3%
Rock Lay
3%
Saunders Leshara
3%
Nance Loup Ferry
3%
Saunders Marble
3%
Saunders Mariposa
3%
Cuming Monterey
3%
Frontier Moorefield
3%
Saunders Morse Bluff
3%
Harlan Mullally
3%
Custer Myrtle
3%
Keya Paha Norden
3%
Saunders North Cedar
3%
Saline North Fork
3%
Franklin North Franklin
3%
Frontier Osborn
3%
Keith Paxton
3%
Hitchcock | Saline Pleasant Hill
3%
Dodge Pleasant Valley
3%
Saunders Pohocco
3%
Merrick Prairie Island
3%
Blaine Purdum
3%
Burt Quinnebaugh
3%
Custer Ryno
3%
Cass Salt Creek
3%
Holt Sand Creek
3%
Gage Sicily
3%
Butler Skull Creek
3%
Nance | Otoe | Pierce South Branch
3%
Saunders South Cedar
3%
Knox Spade
3%
Dixon Springbank
3%
Harlan Spring Grove
3%
Platte St. Bernard
3%
Holt Steel Creek
3%
Holt Stuart
3%
Custer Triumph
3%
Franklin | Gosper | Harlan | Saline Turkey Creek
3%
York Waco
3%
Knox Walnut Grove
3%
Custer Westerville
3%
Nance West Newman
3%
Cass West Rock Bluff
3%
Scotts Bluff West Winters Creek
3%
Grant Whitman
3%
Holt Willowdale
3%
Furnas Wilsonville
3%
Cuming Wisner
3%
Platte Woodville
3%
Cherry Barley
2%
Gosper Bethel
2%
Thurston Blackbird
2%
Garden Blue Creek
2%
Red Willow Box Elder
2%
Platte Burrows
2%
Kearney Cosmo
2%
Dodge Cotterell
2%
Nance Council Creek
2%
Dakota Covington
2%
Sheridan East Gordon
2%
Jefferson Endicott
2%
Scotts Bluff Fanning
2%
Thurston Flournoy
2%
Scotts Bluff Funston
2%
Valley Geranium
2%
Cherry Gillaspie
2%
Fillmore Glengary
2%
Cherry Goose Creek
2%
Furnas Hollinger
2%
Chase Imperial East
2%
Chase Imperial Rural
2%
Chase Imperial West
2%
Madison Kalamazoo
2%
Cherry Lackey
2%
Frontier Laws
2%
Wayne Leslie
2%
Garden Lisco
2%
Banner Long Springs
2%
Colfax | Stanton Maple Creek
2%
Douglas McArdle
2%
Thurston Merry
2%
Fillmore Momence
2%
Cherry Mother Lake
2%
Otoe North Branch
2%
Boone North Manchester
2%
Brown North Pine
2%
Sheridan North Rushville
2%
Platte Oconee
2%
Dixon Ottercreek
2%
Dodge Pebble
2%
Douglas Platte Valley
2%
Richardson Porter
2%
Harlan Reuben
2%
Dodge Ridgeley
2%
Scotts Bluff Roubadeau
2%
Harlan Sappa
2%
Boone Southeast Manchester
2%
Saline South Fork
2%
Brown South Pine
2%
Sheridan South Rushville
2%
Sheridan South Sheridan
2%
Boone Southwest Manchester
2%
York Stewart
2%
Howard St. Libory
2%
Saunders Stocking
2%
Cass Stove Creek
2%
Nance Timber Creek
2%
Merrick Vieregg
2%
Valley Vinton
2%
Dixon Wakefield
2%
Howard Warsaw
2%
Sheridan West Gordon
2%
Valley Yale
2%
Richardson Arago
1%
Hitchcock Beverly
1%
Saline Big Blue
1%
Hayes | Hitchcock Blackwood
1%
Red Willow Bondville
1%
Sioux Bowen
1%
Wayne Brenna
1%
Jefferson Buckley
1%
Stanton Butterfly
1%
Sherman Central Loup City
1%
Wayne Chapin
1%
Wayne Deer Creek
1%
Hitchcock | Red Willow Driftwood
1%
Frontier Earl
1%
Morrill East Bayard
1%
Morrill East Camp Clarke
1%
Frontier East Laird
1%
Gosper | Richardson East Muddy
1%
Polk East Stromsburg
1%
Red Willow East Valley
1%
Gosper Elwood 7-22
1%
Gosper Elwood 7-23
1%
Madison Emerick
1%
Otoe Four Mile
1%
Howard Gage Valley
1%
Hayes Germanville
1%
Nemaha Glen Rock
1%
Hayes Government
1%
Madison Green Garden
1%
Morrill Haynes
1%
Thayer Hebron North
1%
Thayer Hebron South
1%
Hayes High Ridge
1%
Stanton Kingsburg
1%
Garfield | Rock Kinkaid
1%
Rock Kirkwood
1%
Frontier Knowles
1%
McPherson Lemley
1%
York Leroy
1%
Howard Loup Fork
1%
Loup Madison Square
1%
Johnson Maple Grove
1%
York McFadden
1%
Otoe McWilliams
1%
Lincoln Medicine
1%
Garfield Midvale
1%
Red Willow Missouri Ridge
1%
Furnas New Era
1%
Morrill North Camp Clarke
1%
Pierce North Dry Creek
1%
Sherman North Loup City
1%
Polk North Osceola
1%
Otoe North Palmyra
1%
Otoe North Russell
1%
Frontier North Star
1%
Red Willow North Valley
1%
Frontier Orafino
1%
Dundy Ough
1%
Pierce Plum Grove
1%
Dawson Ringgold
1%
Lincoln Rosedale
1%
Keith Rural Ogallala
1%
Madison Schoolcraft
1%
Lincoln Sellers
1%
Sioux Sheep Creek
1%
Polk South Canada
1%
Pierce South Dry Creek
1%
Sherman South Loup City
1%
Polk South Osceola
1%
Otoe South Palmyra
1%
Otoe South Russell
1%
Stanton Spring Branch
1%
Stanton Spring Branch 2
1%
Hitchcock Starkey
1%
Wayne Strahan
1%
Rock Thurman
1%
Cheyenne Union Valley
1%
Madison Warnerville
1%
Morrill West Bayard
1%
Morrill West Camp Clarke
1%
Frontier West Laird
1%
Gosper | Richardson West Muddy
1%
Polk West Pleasant Home
1%
Polk West Stromsburg
1%
Sioux Whistle Creek
1%
McPherson Whitewater
1%
Pierce Willow Creek
1%
McPherson Worden
1%
Sheridan Wounded Knee
1%
Frontier Zimmer
1%
York Arborville
0%
Gosper Brace
0%
Rock Brinkerhoff
0%
Saline Brush Creek
0%
Pierce Clover Valley
0%
Hitchcock Cornell
0%
Dawson Coyote
0%
Jefferson Cub Creek
0%
Howard Dannevirke
0%
Stanton Dimick
0%
Garfield Dry Cedar
0%
Garfield Erina
0%
Red Willow Fritsch
0%
Red Willow Gerver
0%
Morrill Gilchrist
0%
Dawson Gillan
0%
Rock Gracy
0%
Stanton Haymow
0%
Otoe Hendricks
0%
Lincoln Hinman
0%
Frontier Horrell
0%
Howard Kelso
0%
Dawson Kennebec
0%
York Lockridge
0%
Keith Lonergan
0%
Frontier Muddy
0%
Dakota Omadi
0%
Lincoln Osgood
0%
Rock Pewaukee
0%
Howard Posen
0%
Stanton Ramshorn
0%
Morrill Redington
0%
Hitchcock Ridnour
0%
Gosper Robb
0%
Rock Selden
0%
Pierce Slough
0%
Richardson Speiser
0%
Saline Swan Creek
0%
Hayes Swan Lake
0%
Hayes Thornburg
0%
Johnson Todd Creek
0%
Red Willow Tyrone
0%
Stanton Union Creek
0%
Hitchcock Upper Driftwood
0%
Red Willow Valley Grange
0%
Johnson Vesta
0%
Frontier Weaver
0%
Keith Whitetail
0%
Red Willow Willow Grove
0%
Garfield Willow Springs
0%
No matching quizzes found
Score Distribution
Percent of People with Each Score
Percentile by Number Answered
Your Score History
You have not taken this quiz